01188cam a2200301 a 45000010008000000030009000080050017000170080041000340200015000750400038000900820021001281000040001492450090001892640034002793000062003133360026003753370028004013380027004294900042004565040051004986000062005496510040006116530021006516550024006729420012006969990017007089520161007251850945EG-ScBUE20220316103400.0820524s1981 ne cf f b 001 0 eng d a9004062831 aDLCbengerdacDLCdDLCdEG-ScBUE04a892.736222bKUR1 aKurpershoek, P. M.,eauthor.93064314aThe short stories of Yusuf Idris :ba modern Egyptian author /cby P. M. Kurpershoek. 1aLeiden :bE. J. Brill,c1981. aviii, 222 pages, [1] leaf of plates :bportraits ;c25 cm 2rdacontentatextbtxt 2rdamediaaunmediatedbn 2rdacarrieravolumebnc0 aStudies in Arabic literature ;vv. 7. aIncludes bibliographical references and index.17aIdris, YusufxCriticism and Interpretation.2BUEsh930645 0aEgyptxIn literature.9306472BUEsh cJuly2012bARALIT vReading book934232 2ddccBB c16882d16882 00102ddc40708BaccahaMAINbMAINc2NDd2012-07-12epurchaseg979.00h15359l1m1o892.736 KURp000026990r2022-08-24 00:00:00s2016-04-11w2012-07-12yBB